Statistiques concernant Top 15 Guerres par nombre de morts

Cliquez ici pour prendre le quiz!

Statistiques générales

  • Ce quiz a été pris 190 fois
  • Le résultat moyen est 3 sur 15

Statistiques - réponses

Nombre de mortsRéponse% Correct
20 000 000Première guerre mondiale
97%
85 000 000Seconde guerre mondiale
86%
4 500 000Guerre du Viet-nam
58%
4 000 000Guerre de Corée
37%
2 000 000Guerre Iran / irak
16%
10 000 000Guerre civile Chinoise
8%
9 000 000Guerre civile Russe
8%
3 500 000Guerre du Congo
7%
6 000 000Guerre Napoleoniennes
3%
40 000 000Conquête mongoles
1%
1 000 000guerre civile syrienne
1%
30 000 000rébellion Taiping
1%
11 000 000Conquêtes d'Alexandre
0%
5 000 000Conquêtes Romaines
0%
35 000 000rébellion An lushan
0%

Distribution des résultats

Percentile par nombre de réponses

% des personnes avec chaque résultat

Votre développement - résultats

Vous n’avez pas pris ce quiz